Normal view MARC view
  • Zaroon Mumtaz, Muhammad Ehtisham Khattak, Usman Ali Khan

Entry Personal Name

Number of records used in: 1

001 - CONTROL NUMBER

  • control field: 55034

003 - CONTROL NUMBER IDENTIFIER

  • control field: NUST

005 - DATE AND TIME OF LATEST TRANSACTION

  • control field: 20210421120126.0

008 - FIXED-LENGTH DATA ELEMENTS

  • fixed length control field: 210421|| aca||aabn | a|a d

040 ## - CATALOGING SOURCE

  • Original cataloging agency: NUST
  • Transcribing agency: NUST

100 ## - HEADING--PERSONAL NAME

  • Personal name: Zaroon Mumtaz, Muhammad Ehtisham Khattak, Usman Ali Khan

670 ## - SOURCE DATA FOUND

  • Source citation: Work cat.: (NUST): Zaroon Mumtaz, Muhammad Ehtisham Khattak, Usman Ali Khan, Recovery of Ammonia and Hydrogen from Purge Gas of Ammonia Synthesis Loop of FFC (UG-CHE-2016), 2016
© 2023 Central Library, National University of Sciences and Technology. All Rights Reserved.